Guess the BlackPink song by lyrics By:Max-Part 3 - Statistics

General Stats
  • This quiz has been taken 65 times
  • The average score is 8 of 14
Answer Stats
Hint Answer % Correct
this a letter from me to you Stay
86%
I say f*ck it when I feel it Tally
84%
i love you and me dancing in the moon light You and Me
82%
Snow cone chilly get it free like willy Ice cream
78%
abc do re mi Flower
71%
Call me pretty and nasty As if its your last
69%
send girls to wishing wells Crazy over you
61%
so sweet then i get little angry yeah Sour candy
55%
tell me where you wanna go Bet you wanna
51%
we know we got that bomb bomb Forever young
43%
shine like the star How you like that
41%
so tell me can we work this whole thing Kiss and makeup
29%
When you want it then you best come find me Ready for love
29%
I went supernatural Type girl
8%
No matching quizzes found
Score Distribution
Percent of People with Each Score
Percentile by Number Answered
Your Score History
You have not taken this quiz